Ženy v ekonomii - CH.D. Romerová a N.L. Stokeyová

Informácia o dvoch američankach, skúmajúcich problematiku monetárnej politiky a cyklov, resp. hospodárskeho rastu a rozvoja - Christine Duckworthovej Romerovej a Nancy Laure Stokeyovej.

Na minha lista:
Detalhes bibliográficos
Autor principal: Sirůček, Pavel
Formato: Capítulo de Livro
Idioma:tcheco
Assuntos:
Tags: Adicionar Tag
Sem tags, seja o primeiro a adicionar uma tag!

MARC

LEADER 00000naa a2200000 4500
001 0168313
005 20231116110536.5
041 0 |a cze 
044 |a CZ 
245 1 0 |a Ženy v ekonomii - CH.D. Romerová a N.L. Stokeyová  |c Pavel Sirůček 
520 |a Informácia o dvoch američankach, skúmajúcich problematiku monetárnej politiky a cyklov, resp. hospodárskeho rastu a rozvoja - Christine Duckworthovej Romerovej a Nancy Laure Stokeyovej. 
610 2 0 |a veda ekonomická 
610 2 0 |a ženy 
610 2 0 |a Romerová, Ch. D. 
610 2 0 |a Stokeyová, N.L. 
100 1 |a Sirůček, Pavel